French Rugby - Top 14 teams 2017/18 season - Statistics

General Stats
  • This quiz has been taken 211 times
  • The average score is 12 of 14
Answer Stats
Team % Correct
Stade Toulousain
98%
Racing 92
96%
RC Toulonnais
95%
Stade Français Paris
92%
ASM Clermont Auvergne
89%
Union Bordeaux Bègles
87%
Montpellier Hérault Rugby
85%
Stade Rochelais
84%
Lyon OU
82%
Section Paloise
81%
Castres Olympique
79%
CA Brive
68%
Oyonnax Rugby
59%
SU Agen Lot-et-Garonne
57%
No matching quizzes found
Score Distribution
Percent of People with Each Score
Percentile by Number Answered
Your Score History
You have not taken this quiz